| 000 | 00433nam a2200133Ia 4500 | ||
|---|---|---|---|
| 003 | GCL | ||
| 008 | 140319s9999 xx 000 0 ara d | ||
| 040 |
_aGCL / _cGCL |
||
| 082 | 0 | 4 |
_a320.9 _bا ن |
| 100 | 1 | _aاحمد عبدالله | |
| 245 | 1 | 0 |
_aنحن والعالم الجديد: محاولة وطنية لفهم التطورات العالمية / _cاحمد عبدالله |
| 300 | _a167 | ||
| 490 |
_aكتاب المحروسة _v0 |
||
| 999 |
_c43375 _d43375 |
||